000 00809nam a2200253 ar4500
001 1212
005 20221127090150.0
008 090321s xxu a || 00110|eng d
020 _a9780471722571(hpb) :
_cSR280.00
082 0 4 _a004.21
_bD423 2006
100 1 _aDennis, Alan.
245 1 0 _aSystems analysis design /
_cA. Dennis, Barbara Wixom, Roberta M. Roth.
246 1 _aSystems analysis & design.
250 _a3rd ed.
260 _aHoboken, NJ :
_bJohn Wiley,
_c2006.
300 _axx, 555 p. :
_bill.(some col.) ;
_c26 cm.
500 _aIncludes index.
500 _aCover title : Systems analysis & design.
650 4 _aSystem analysis.
650 4 _aSystem design.
650 4 _aInformation technology.
700 0 _aWixom, Barbara Haley,
_ejt. auth.
700 0 _aRoth, Roberta M.,
_ejt. auth.
999 _c1211
_d1211